[Event "Runavik op"]
[Site "Runavik"]
[Date "2016.11.25"]
[Round "6"]
[White "Simonsen, Hans Kristian"]
[Black "Jacobsen, Heidrikur Tindskar"]
[Result "1-0"]
[WhiteElo "2148"]
[BlackElo "1979"]
[PlyCount "115"]
[EventDate "2016.11.21"]
[EventType "swiss"]
[EventRounds "9"]
[EventCountry "FAI"]
[SourceTitle "CBM 175 Extra"]
[Source "ChessBase"]
[SourceDate "2016.12.12"]
[SourceVersion "1"]
[SourceVersionDate "2016.12.12"]
[SourceQuality "1"]

1. Nf3 Nf6 2. g3 g6 3. Bg2 Bg7 4. 0-0 0-0 5. c4 d6 6. d4 Nc6 7. Nc3 e5 8. d5 Ne7 9. c5 Ne8 10. cxd6 cxd6 11. a4 f5 12. Ng5 Nf6 13. Qb3 Rb8 14. Be3 b6 15. Rfd1 Qd7 16. Ne6 Rf7 17. Rac1 e4 18. Ng5 Rf8 19. Nb5 Ne8 20. Ne6 Rf7 21. Nxg7 Kxg7 22. f3 exf3 23. exf3 Bb7 24. f4 Ba8 25. Bd4+ Kg8 26. Qd3 a6 27. Nc3 Nc7 28. Re1 b5 29. axb5 Nxb5 30. Nxb5 Rxb5 31. h4 Bxd5 32. Bc3 Qa7+ 33. Kh2 Bxg2 34. Kxg2 Qc5 35. Kh3 Qd5 36. Qe3 Rc5 37. Rcd1 Qc6 38. Qd4 Kf8 39. Re6 Rd5 40. Qh8+ Ng8 41. Rde1 Rd3 42. Re8+ Qxe8 43. Rxe8+ Kxe8 44. Qxg8+ Ke7 45. Qc8 Rd1 46. Qxa6 Kf8 47. Qc8+ Ke7 48. Ba5 Rf8 49. Qb7+ Ke8 50. Qc8+ Kf7 51. Qd7+ Kg8 52. Bc3 Rf7 53. Qe8+ Rf8 54. Qa4 Rc1 55. Qd4 Kf7 56. Qf6+ Ke8 57. Qe6+ Kd8 58. Ba5+ 1-0

[Event "Runavik op"]
[Site "Runavik"]
[Date "2016.11.24"]
[Round "5"]
[White "Berg, Olaf"]
[Black "Jacobsen, Heidrikur Tindskar"]
[Result "1-0"]
[WhiteElo "2323"]
[BlackElo "1979"]
[PlyCount "81"]
[EventDate "2016.11.21"]
[EventType "swiss"]
[EventRounds "9"]
[EventCountry "FAI"]
[SourceTitle "CBM 175 Extra"]
[Source "ChessBase"]
[SourceDate "2016.12.12"]
[SourceVersion "1"]
[SourceVersionDate "2016.12.12"]
[SourceQuality "1"]

1. d4 Nf6 2. Nf3 g6 3. g3 Bg7 4. Bg2 0-0 5. 0-0 d5 6. c4 c6 7. Nc3 Nbd7 8. cxd5 cxd5 9. Bf4 Nb6 10. Rc1 Bd7 11. Ne5 Rc8 12. Qb3 Be6 13. a4 Nh5 14. a5 Nxf4 15. gxf4 Bxe5 16. fxe5 Nc4 17. Qxb7 Nxa5 18. Qa6 Nc4 19. Qa2 Qd7 20. Rfd1 Rfd8 21. b3 Nb6 22. Rd3 Rc7 23. Qd2 Kg7 24. Rg3 Rdc8 25. h4 a5 26. Ra1 Ra7 27. h5 a4 28. b4 Nc4 29. Qf4 a3 30. hxg6 hxg6 31. b5 Rh8 32. Qg5 Raa8 33. Nb1 Rab8 34. Nc3 Ra8 35. f4 Bf5 36. Nxd5 Rae8 37. Rc3 Rh5 38. Qg3 Be6 39. e4 Nb6 40. Nxb6 Qxd4+ 41. Qe3 1-0

[Event "Runavik op"]
[Site "Runavik"]
[Date "2016.11.23"]
[Round "4"]
[White "Jacobsen, Heidrikur Tindskar"]
[Black "Wiberg, Ingi"]
[Result "1-0"]
[WhiteElo "1979"]
[BlackElo "1712"]
[PlyCount "75"]
[EventDate "2016.11.21"]
[EventType "swiss"]
[EventRounds "9"]
[EventCountry "FAI"]
[SourceTitle "CBM 175 Extra"]
[Source "ChessBase"]
[SourceDate "2016.12.12"]
[SourceVersion "1"]
[SourceVersionDate "2016.12.12"]
[SourceQuality "1"]

1. d4 d5 2. c4 Nf6 3. cxd5 g6 4. Nc3 Nxd5 5. e4 Nxc3 6. bxc3 Bg7 7. Rb1 c5 8. Be3 0-0 9. Bc4 Nc6 10. Ne2 Na5 11. Bd3 cxd4 12. cxd4 Nc6 13. Bc4 Na5 14. Bb3 Nxb3 15. Qxb3 b6 16. Rd1 Ba6 17. Nc3 e6 18. e5 Qc7 19. Ne4 Qc4 20. Qxc4 Bxc4 21. a3 Bd5 22. f3 Rfc8 23. Kd2 Bf8 24. Nd6 Bxd6 25. exd6 Kf8 26. Rc1 Ke8 27. Rc7 Rxc7 28. dxc7 Kd7 29. Bf4 h5 30. h4 f6 31. Rc1 Bc6 32. Ke3 Re8 33. Kf2 e5 34. dxe5 fxe5 35. Bxe5 a5 36. Bg3 b5 37. Rd1+ Ke7 38. Re1+ 1-0

[Event "FAI-chT 1617"]
[Site "Faroe Islands"]
[Date "2016.11.13"]
[Round "3.1"]
[White "Simonsen, Olavur"]
[Black "Jacobsen, Heidrikur Tindskar"]
[Result "1-0"]
[WhiteElo "2212"]
[BlackElo "1979"]
[PlyCount "55"]
[EventDate "2016.10.23"]
[EventType "team-tourn"]
[EventRounds "10"]
[EventCountry "FAI"]
[SourceTitle "EXT 2020"]
[Source "ChessBase"]
[SourceDate "2019.10.17"]
[SourceVersion "1"]
[SourceVersionDate "2019.10.17"]
[SourceQuality "1"]
[WhiteTeam "Klaksvik"]
[BlackTeam "Havnin II"]
[WhiteTeamCountry "FAI"]
[BlackTeamCountry "FAI"]

1. e4 d6 2. d4 g6 3. Nc3 Bg7 4. f4 Nf6 5. Nf3 Bg4 6. h3 Bxf3 7. Qxf3 c6 8. Be3 Qa5 9. 0-0-0 d5 10. e5 Nfd7 11. f5 gxf5 12. Qxf5 e6 13. Qh5 Nf8 14. Bd3 Ng6 15. Rhf1 Nd7 16. Bg5 a6 17. h4 c5 18. Qf3 Rf8 19. h5 cxd4 20. hxg6 hxg6 21. Nb1 Nxe5 22. Qg3 Nd7 23. Bxg6 Qb6 24. Rxf7 Rxf7 25. Rf1 Ne5 26. Rxf7 Nxg6 27. Rxg7 Nf8 28. Re7+ 1-0

[Event "Oyri Rokur op"]
[Site "Oyri"]
[Date "2016.01.31"]
[Round "7"]
[White "Hojgaard, Brandur"]
[Black "Jacobsen, Heidrikur Tindskar"]
[Result "0-1"]
[WhiteElo "1794"]
[BlackElo "1961"]
[PlyCount "54"]
[EventDate "2016.01.29"]
[EventType "swiss"]
[EventRounds "7"]
[EventCountry "FAI"]
[SourceTitle "EXT 2017"]
[Source "ChessBase"]
[SourceDate "2016.10.25"]
[SourceVersion "1"]
[SourceVersionDate "2016.10.25"]
[SourceQuality "1"]

1. e4 b6 2. d4 Bb7 3. Nc3 e6 4. Nf3 Bb4 5. Bd3 d5 6. 0-0 Bxc3 7. bxc3 dxe4 8. Be2 exf3 9. Bxf3 Bxf3 10. Qxf3 Qd5 11. Qg3 Ne7 12. Qxc7 Qd7 13. Qg3 0-0 14. Ba3 Rc8 15. Rfe1 Nd5 16. Bb2 Qc7 17. Qf3 Nd7 18. Re4 N7f6 19. Rh4 Ne7 20. Re1 Ng6 21. Rh3 Qc4 22. g4 Qc6 23. Qg3 Qc7 24. Re5 Nd7 25. f4 Ndxe5 26. fxe5 Qc6 27. Qe3 Qd5 0-1